रूडयार्ड किपलिंग की चुनी हेई कहानियाँ/ (Record no. 198130)

MARC details
000 -LEADER
fixed length control field 00987nam a22001937a 4500
005 - DATE AND TIME OF LATEST TRANSACTION
control field 20230914171808.0
010 ## - LCCN (DPL NO)
LC control number B-755686 CHHN 23.8.23
020 ## - INTERNATIONAL STANDARD BOOK NUMBER
International Standard Book Number 9789383346530
Terms of availability 295.00
035 ## - SYSTEM CONTROL NUMBER
System control number B-755686
037 ## - SOURCE OF ACQUISITION
Stock number ट्रांस ग्लोबल पब्लिशिंग कं.
082 ## - DEWEY DECIMAL CLASSIFICATION NUMBER
Classification number
245 ## - TITLE STATEMENT
Title रूडयार्ड किपलिंग की चुनी हेई कहानियाँ/
260 ## - PUBLICATION, DISTRIBUTION, ETC. (IMPRINT)
Place of publication, distribution, etc दिल्ली
Name of publisher, distributor, etc ट्रांस ग्लोबल पब्लिशिंग कं.
Date of publication, distribution, etc 2021
270 ## - ADDRESS
Address 1362, दितीय मंजिल, कश्मीरी गेट
City नई दिल्ली
Postal code 110032
300 ## - PHYSICAL DESCRIPTION
Extent 55पृ.:
Other physical details सचित्र
Dimensions 25सेमी(सजिल्द)
700 ## - ADDED ENTRY--PERSONAL NAME
Personal name पाठक,उमा
Relator term अनुवाद
9 (RLIN) 56615
942 ## - ADDED ENTRY ELEMENTS (KOHA)
Source of classification or shelving scheme Dewey Decimal Classification
Item type Children Books
Classification part
Call number suffix रूडया
Holdings
Withdrawn status Lost status Not for loan Collection code Home library Current library Date acquired Source of acquisition Cost, normal purchase price Full call number Barcode Copy number Cost, replacement price Koha item type
      Fiction Patel Nagar Patel Nagar 14/09/2023 उपहार/23.8.23 295.00 क रूडया B-755686 1 295.00 Children Books

© Delhi Public Library
Hit Counter
free hit counter